[Event "Velez Rapid op 10th"]
[Site "Velez Santander"]
[Date "2023.11.06"]
[Round "5"]
[White "Cortez Vilca, Tomas"]
[Black "Garcia Carey, Osmel"]
[Result "0-1"]
[WhiteElo "1439"]
[BlackElo "2249"]
[PlyCount "80"]
[EventDate "2023.11.06"]
[EventType "swiss (rapid)"]
[EventRounds "10"]
[EventCountry "COL"]
[SourceTitle "Mega2024 Update 01"]
[Source "Chessbase"]
[SourceDate "2023.11.12"]
[SourceVersion "1"]
[SourceVersionDate "2023.11.12"]
[SourceQuality "1"]

1. e4 d6 2. d4 g6 3. Nf3 Bg7 4. Bc4 c6 5. 0-0 Nf6 6. Re1 0-0 7. a3 Bg4 8. h3 Bxf3 9. Qxf3 e5 10. dxe5 dxe5 11. Bg5 h6 12. Bxf6 Bxf6 13. Nc3 Qe7 14. Rad1 b5 15. Bb3 Na6 16. Rd2 Nc5 17. Red1 Rad8 18. Ba2 Kg7 19. Qe2 Rd4 20. f3 Rfd8 21. Rxd4 exd4 22. Nb1 Bg5 23. Nd2 d3 24. cxd3 Nxd3 25. Nf1 Qc5+ 26. Kh1 Nf2+ 27. Kh2 Nxd1 28. b4 Qe5+ 29. g3 Nc3 30. Qc2 Nxa2 31. Qxa2 Qc3 32. f4 Be7 33. h4 Rd3 34. f5 Bd6 35. Qf2 Rf3 36. Qe2 Bxg3+ 37. Nxg3 Rxg3 38. fxg6 Rh3+ 39. Kg2 Qg3+ 40. Kf1 Rh1# 0-1

[Event "Velez Rapid op 10th"]
[Site "Velez Santander"]
[Date "2023.11.06"]
[Round "6"]
[White "Garcia Carey, Osmel"]
[Black "Aponte Castillo, Ernesto"]
[Result "1-0"]
[WhiteElo "2249"]
[BlackElo "2023"]
[PlyCount "62"]
[EventDate "2023.11.06"]
[EventType "swiss (rapid)"]
[EventRounds "10"]
[EventCountry "COL"]
[SourceTitle "Mega2024 Update 01"]
[Source "Chessbase"]
[SourceDate "2023.11.12"]
[SourceVersion "1"]
[SourceVersionDate "2023.11.12"]
[SourceQuality "1"]

1. e4 Nf6 2. e5 Nd5 3. d4 d6 4. Nf3 g6 5. Bc4 c6 6. Nc3 Nxc3 7. bxc3 Bg7 8. e6 Bxe6 9. Bxe6 fxe6 10. Ng5 Qd7 11. h4 Na6 12. h5 Nc7 13. Qd3 0-0-0 14. Nf7 Qe8 15. Nxh8 Bxh8 16. hxg6 hxg6 17. Bg5 Qf7 18. Rh3 e5 19. Kf1 Ne6 20. Be3 Nf4 21. Bxf4 exf4 22. Rh6 Rg8 23. Qh3+ Qf5 24. Rxh8 Rxh8 25. Qxh8+ Kc7 26. Qg7 Kd7 27. Re1 Qg5 28. Qf7 Qh4 29. Kg1 Qg5 30. Re4 f3 31. Qxf3 Ke8 1-0

[Event "Velez Rapid op 10th"]
[Site "Velez Santander"]
[Date "2023.11.06"]
[Round "7"]
[White "Garcia Carey, Osmel"]
[Black "Rubiano Suarez, Carlos Alberto"]
[Result "0-1"]
[WhiteElo "2249"]
[BlackElo "1813"]
[PlyCount "82"]
[EventDate "2023.11.06"]
[EventType "swiss (rapid)"]
[EventRounds "10"]
[EventCountry "COL"]
[SourceTitle "Mega2024 Update 01"]
[Source "Chessbase"]
[SourceDate "2023.11.12"]
[SourceVersion "1"]
[SourceVersionDate "2023.11.12"]
[SourceQuality "1"]

1. e4 d5 2. exd5 Qxd5 3. Nc3 Qa5 4. d4 c6 5. Nf3 Bf5 6. h3 Nf6 7. Bc4 e6 8. g4 Bg6 9. Bd2 Qc7 10. Ne5 Bd6 11. Qe2 Nbd7 12. f4 0-0-0 13. 0-0-0 Nb6 14. Bb3 Nbd5 15. Rhf1 Nxc3 16. Bxc3 Ne4 17. Be1 Nf6 18. h4 h5 19. g5 Bxe5 20. fxe5 Nd5 21. c4 Nb6 22. Ba5 Qd7 23. c5 Nd5 24. Bxd8 Rxd8 25. a3 Qc7 26. Qd2 Rd7 27. Bc4 a6 28. Bd3 Qd8 29. Kb1 Nc7 30. Bxg6 fxg6 31. Qd3 Qe8 32. Rf3 Rf7 33. Rdf1 Rf5 34. Rxf5 gxf5 35. Qc4 Nd5 36. Rf3 g6 37. b4 Qf7 38. a4 f4 39. Kb2 Qf5 40. b5 Ne3 41. bxa6 Nxc4+ 0-1

[Event "Velez op 10th"]
[Site "Velez Santander"]
[Date "2023.11.02"]
[Round "4"]
[White "Garcia Carey, Osmel"]
[Black "Negron Lizarazo, Juan Sebastian"]
[Result "1-0"]
[WhiteElo "2249"]
[BlackElo "1795"]
[PlyCount "117"]
[EventDate "2023.11.01"]
[EventType "swiss"]
[EventRounds "10"]
[EventCountry "COL"]
[SourceTitle "Mega2024 Update 01"]
[Source "Chessbase"]
[SourceDate "2023.11.12"]
[SourceVersion "1"]
[SourceVersionDate "2023.11.12"]
[SourceQuality "1"]

1. e4 c5 2. Nf3 d6 3. Bc4 Nf6 4. d3 Nc6 5. Bb3 Bg4 6. c3 e6 7. h3 Bh5 8. Nbd2 a6 9. Qe2 Be7 10. Nf1 d5 11. Ng3 dxe4 12. dxe4 Ne5 13. 0-0 Bxf3 14. gxf3 Qc7 15. f4 Nc6 16. Rd1 b5 17. e5 Nd7 18. a4 c4 19. Bc2 0-0 20. Qe4 g6 21. Be3 Rfd8 22. Qg2 Kh8 23. Be4 Rac8 24. axb5 axb5 25. Bxc6 Qxc6 26. Qxc6 Rxc6 27. Ra7 Nf8 28. Rxd8 Bxd8 29. Rxf7 Kg8 30. Rb7 Rc7 31. Rxb5 Be7 32. Ne4 Nd7 33. Kf1 Kf7 34. Ke2 h6 35. Kd1 Nf8 36. Kc2 Nh7 37. Ra5 g5 38. Nd6+ Bxd6 39. exd6 Rd7 40. fxg5 hxg5 41. Bxg5 Rxd6 42. Be3 Rc6 43. h4 Nf6 44. Rg5 Ne4 45. Rg1 Nc5 46. Bxc5 Rxc5 47. Rg5 Rc8 48. h5 Kf6 49. f4 Rc7 50. h6 Rh7 51. Rc5 Rxh6 52. Rxc4 Rh4 53. b4 Kf5 54. Rc5+ Ke4 55. Re5+ Kxf4 56. Rxe6 Kf5 57. Re1 Rc4 58. Kb3 Rc8 59. b5 1-0

[Event "Velez Nor"]
[Site "Velez"]
[Date "2023.10.28"]
[Round "7"]
[White "Garcia Carey, Osmel"]
[Black "Paredes Lagos, Anthony Javier"]
[Result "0-1"]
[WhiteElo "2283"]
[BlackElo "2362"]
[PlyCount "47"]
[EventDate "2023.10.25"]
[EventType "tourn"]
[EventRounds "9"]
[EventCountry "COL"]
[SourceTitle "Mega2024 Update 01"]
[Source "Chessbase"]
[SourceDate "2023.11.12"]
[SourceVersion "1"]
[SourceVersionDate "2023.11.12"]
[SourceQuality "1"]

1. e4 c5 2. Nc3 a6 3. Nf3 d6 4. d4 cxd4 5. Nxd4 Nf6 6. Bg5 Nbd7 7. f4 Qb6 8. Qd2 e5 9. Nb3 h6 10. Bh4 exf4 11. Bf2 Qc7 12. Qxf4 Be7 13. 0-0-0 Ne5 14. Kb1 Be6 15. Nd4 Rc8 16. Bd3 b5 17. Nce2 Nh5 18. Qd2 Ng4 19. Qe1 Nxf2 20. Qxf2 Qc5 21. Qf3 0-0 22. e5 Qxe5 23. Nxe6 fxe6 24. Qe4 0-1

[Event "Velez Nor"]
[Site "Velez"]
[Date "2023.10.27"]
[Round "6"]
[White "Suasnabar, Jesus"]
[Black "Garcia Carey, Osmel"]
[Result "1/2-1/2"]
[WhiteElo "1905"]
[BlackElo "2283"]
[PlyCount "30"]
[EventDate "2023.10.25"]
[EventType "tourn"]
[EventRounds "9"]
[EventCountry "COL"]
[SourceTitle "Mega2024 Update 01"]
[Source "Chessbase"]
[SourceDate "2023.11.12"]
[SourceVersion "1"]
[SourceVersionDate "2023.11.12"]
[SourceQuality "1"]

1. e4 c5 2. c3 g6 3. d4 cxd4 4. cxd4 d5 5. exd5 Nf6 6. Bb5+ Nbd7 7. d6 Qb6 8. dxe7 Bxe7 9. Nc3 0-0 10. Nf3 Qe6+ 11. Be2 Nb6 12. 0-0 Rd8 13. Re1 Qd6 14. Nb5 Qb8 15. g3 Nfd5 1/2-1/2

[Event "Medellin de La Raza op"]
[Site "Medellin"]
[Date "2023.10.12"]
[Round "1"]
[White "Ayala Delgado, Sergio Alejandro"]
[Black "Garcia Carey, Osmel"]
[Result "1/2-1/2"]
[WhiteElo "1902"]
[BlackElo "2283"]
[PlyCount "223"]
[EventDate "2023.10.12"]
[EventType "swiss"]
[EventRounds "10"]
[EventCountry "COL"]
[SourceTitle "Mega2024 Update 01"]
[Source "Chessbase"]
[SourceDate "2023.11.12"]
[SourceVersion "1"]
[SourceVersionDate "2023.11.12"]
[SourceQuality "1"]

1. e4 g6 2. d4 Bg7 3. Nf3 d6 4. Bd3 c6 5. 0-0 Bg4 6. c3 Nd7 7. Bg5 h6 8. Be3 e5 9. Nbd2 Ngf6 10. a4 0-0 11. h3 Bxf3 12. Qxf3 d5 13. exd5 Nxd5 14. Bc4 exd4 15. Bxd4 Bxd4 16. Bxd5 Ne5 17. Qf4 Bxc3 18. bxc3 Qxd5 19. c4 g5 20. Ne4 gxf4 21. cxd5 Rad8 22. dxc6 Nxc6 23. Nf6+ Kh8 24. Rfd1 Nd4 25. Kh2 f3 26. g4 Kg7 27. Nh5+ Kh7 28. Ra3 Kg6 29. Rad3 Ne6 30. Nf4+ Kf6 31. Nxe6 Rxd3 32. Rxd3 Kxe6 33. Kg3 Rc8 34. Re3+ Kd7 35. Rxf3 Ke6 36. Rf5 Rc3+ 37. Kh4 Ra3 38. a5 Rd3 39. Rb5 Rd5 40. Rxb7 Rxa5 41. f4 Kf6 42. Rc7 Ra3 43. Rc6+ Kg7 44. g5 hxg5+ 45. Kxg5 a5 46. h4 Rg3+ 47. Kf5 Rg6 48. Rc4 Ra6 49. Ra4 Kh6 50. Kg4 Kg6 51. f5+ Kh6 52. Kf4 Ra8 53. Ke5 Ra6 54. Kf4 f6 55. Kg4 Ra8 56. h5 Ra7 57. Kh4 Ra6 58. Kg4 Ra8 59. Kh4 Rb8 60. Rxa5 Rb4+ 61. Kg3 Kxh5 62. Kf3 Kg5 63. Rc5 Rb3+ 64. Ke4 Kg4 65. Ra5 Rb1 66. Ke3 Re1+ 67. Kf2 Re4 68. Rb5 Kf4 69. Ra5 Rb4 70. Ra2 Kxf5 71. Ra6 Rb3 72. Ra5+ Kf4 73. Ra4+ Kg5 74. Rc4 f5 75. Ra4 Rc3 76. Rb4 Ra3 77. Rc4 Kf6 78. Rb4 Ke5 79. Rb5+ Kf4 80. Rb4+ Kg5 81. Rc4 Rd3 82. Ra4 Rd2+ 83. Kf3 Rd1 84. Kf2 Rd8 85. Kf3 Re8 86. Rb4 Re5 87. Ra4 Rb5 88. Rc4 Rb1 89. Kf2 Rb2+ 90. Kf3 Rh2 91. Ra4 Rh3+ 92. Kf2 Rd3 93. Rb4 Kf6 94. Ra4 Ke5 95. Rb4 Rd4 96. Rxd4 Kxd4 97. Kf3 Ke5 98. Ke3 f4+ 99. Kf3 Kf5 100. Kf2 Kg4 101. Kg2 Kh4 102. Kf2 Kg5 103. Kf3 Kf5 104. Kf2 Ke4 105. Ke2 f3+ 106. Kf2 Kf4 107. Kf1 Kg4 108. Kf2 Kf4 109. Kf1 Ke4 110. Kf2 Kf4 111. Kf1 Kg3 112. Kg1 1/2-1/2

[Event "Bucaramanga op"]
[Site "Bucaramanga"]
[Date "2023.09.10"]
[Round "8"]
[White "Garcia Carey, Osmel"]
[Black "Palencia Morales, Wilson Guillermo"]
[Result "0-1"]
[WhiteElo "2289"]
[BlackElo "2286"]
[PlyCount "124"]
[EventDate "2023.09.06"]
[EventType "swiss"]
[EventRounds "9"]
[EventCountry "COL"]
[SourceTitle "EXT 2024"]
[Source "ChessBase"]
[SourceDate "2023.10.10"]
[SourceVersion "1"]
[SourceVersionDate "2023.10.10"]
[SourceQuality "1"]

1. e4 c5 2. Nf3 Nc6 3. Bc4 a6 4. 0-0 e6 5. Re1 d6 6. c3 Nf6 7. d4 b5 8. Bf1 d5 9. e5 Nd7 10. Be3 Be7 11. Nbd2 0-0 12. Bd3 c4 13. Bc2 f5 14. exf6 Bxf6 15. Nf1 Rf7 16. Ng3 Nf8 17. Qd2 h6 18. Nh5 Be7 19. Ne5 Nxe5 20. dxe5 Rb8 21. a3 Bg5 22. Ng3 Bxe3 23. Rxe3 Qh4 24. Rf1 a5 25. Ne2 b4 26. axb4 axb4 27. Rh3 Qd8 28. Nd4 Qb6 29. Rg3 Kh8 30. h3 Rbb7 31. Ra1 bxc3 32. bxc3 Qb2 33. Qe1 Qb6 34. Qe3 Qb2 35. Re1 Ra7 36. Rf3 Rxf3 37. Qxf3 Kg8 38. Kh2 Rf7 39. Qe3 Qa2 40. f4 g6 41. f5 gxf5 42. Qxh6 Rg7 43. Rb1 Qa7 44. Qf6 Qc7 45. Nb5 Qc5 46. Nd4 Qc7 47. Nf3 Bd7 48. Kh1 Rg6 49. Qe7 Rg7 50. Qh4 Bc6 51. Qd4 Qf7 52. Rb8 Qg6 53. Qf2 d4 54. cxd4 Bd5 55. Kh2 Qh6 56. g3 f4 57. g4 Rxg4 58. Bd1 Rg3 59. Qf1 c3 60. Rc8 Be4 61. Rxc3 Bf5 62. h4 Be4 0-1

[Event "Bucaramanga op"]
[Site "Bucaramanga"]
[Date "2023.09.09"]
[Round "7"]
[White "Cabiativa, Juan Esteban"]
[Black "Garcia Carey, Osmel"]
[Result "1-0"]
[WhiteElo "2080"]
[BlackElo "2289"]
[PlyCount "91"]
[EventDate "2023.09.06"]
[EventType "swiss"]
[EventRounds "9"]
[EventCountry "COL"]
[SourceTitle "EXT 2024"]
[Source "ChessBase"]
[SourceDate "2023.10.10"]
[SourceVersion "1"]
[SourceVersionDate "2023.10.10"]
[SourceQuality "1"]

1. d4 Nf6 2. Bg5 c5 3. d5 Qb6 4. Nc3 h6 5. Bd2 d6 6. e4 a6 7. a4 g5 8. a5 Qc7 9. h4 g4 10. Nge2 Nh5 11. Nf4 Nxf4 12. Bxf4 b5 13. axb6 Qxb6 14. Ra3 Bg7 15. Rb3 Qc7 16. h5 c4 17. Rb4 Nd7 18. Rxc4 Qb8 19. Qc1 Ne5 20. Ra4 g3 21. Bxg3 Bd7 22. Rxa6 Rxa6 23. Bxa6 Qb6 24. Be2 0-0 25. 0-0 Rb8 26. Bxe5 Bxe5 27. Nd1 Kh7 28. c3 Ba4 29. Bg4 Bxd1 30. Qxd1 Qxb2 31. Qf3 Bf6 32. e5 dxe5 33. Bf5+ Kg7 34. Rb1 Qxb1+ 35. Bxb1 Rxb1+ 36. Kh2 Rc1 37. Qg4+ Bg5 38. c4 Rc2 39. Qe4 Rxf2 40. c5 Bf4+ 41. Kg1 Rd2 42. g3 Rd1+ 43. Kg2 Bg5 44. c6 Rc1 45. c7 Bf6 46. c8Q 1-0

[Event "Bucaramanga op"]
[Site "Bucaramanga"]
[Date "2023.09.06"]
[Round "1"]
[White "Cuellar Canosa, Nicolas"]
[Black "Garcia Carey, Osmel"]
[Result "0-1"]
[WhiteElo "1870"]
[BlackElo "2289"]
[PlyCount "156"]
[EventDate "2023.09.06"]
[EventType "swiss"]
[EventRounds "9"]
[EventCountry "COL"]
[SourceTitle "EXT 2024"]
[Source "ChessBase"]
[SourceDate "2023.10.10"]
[SourceVersion "1"]
[SourceVersionDate "2023.10.10"]
[SourceQuality "1"]

1. e4 e6 2. d4 c5 3. Nf3 a6 4. d5 exd5 5. exd5 d6 6. c4 Nf6 7. Bd3 Be7 8. 0-0 Bg4 9. Re1 0-0 10. h3 Bxf3 11. Qxf3 Nbd7 12. Bf4 Re8 13. Nc3 Nf8 14. Re2 Ng6 15. Bxg6 hxg6 16. Rae1 Bf8 17. Bg5 Rxe2 18. Qxe2 Qb6 19. Qd2 Nd7 20. b3 Qb4 21. Bf4 b5 22. Ne4 Qxd2 23. Nxd2 Nb6 24. Kf1 a5 25. Ke2 a4 26. Kd3 axb3 27. axb3 bxc4+ 28. bxc4 Ra3+ 29. Kc2 Ra4 30. Be3 Nxc4 31. Nxc4 Rxc4+ 32. Kd3 Ra4 33. Rb1 g5 34. Rb7 f5 35. f3 Ra3+ 36. Ke2 f4 37. Bd2 Ra4 38. Bc3 Ra2+ 39. Bd2 Ra1 40. Rc7 Rg1 41. Kf2 Rb1 42. Ke2 Rb3 43. Bc1 Rc3 44. Kd2 Rb3 45. Kc2 Rb8 46. Bb2 Re8 47. Kd2 Re3 48. Bc3 Be7 49. Ra7 Kf7 50. Bb2 Kg6 51. Ra6 c4 52. Rc6 Rd3+ 53. Kc2 Rxd5 54. Rxc4 Bf6 55. Ba3 Be5 56. Bc1 Ra5 57. Kd3 Kf5 58. Rc2 Ra4 59. Ke2 Bd4 60. Bd2 d5 61. Kd3 Ke5 62. Rc8 Ra3+ 63. Kc2 Ke6 64. Re8+ Kd7 65. Re7+ Kc6 66. Re6+ Kb5 67. Rd6 Kc4 68. Rc6+ Bc5 69. Bc1 Ra2+ 70. Bb2 d4 71. Kb1 Ra7 72. Kc2 d3+ 73. Kd1 Ra2 74. Bxg7 Kb5 75. Rg6 Rxg2 76. h4 Kc4 77. Rxg5 Rh2 78. Bf6 Rh1+ 0-1

[Event "Guillermo Garcia Memorial-D 27th"]
[Site "Santa Clara"]
[Date "2018.05.28"]
[Round "6"]
[White "Garcia Carey, Osmel"]
[Black "Chumpitaz Carbajal, Ann"]
[Result "1-0"]
[WhiteElo "2353"]
[BlackElo "2205"]
[PlyCount "121"]
[EventDate "2018.05.22"]
[EventType "tourn"]
[EventRounds "9"]
[EventCountry "CUB"]
[EventCategory "2"]
[SourceTitle "CBM 184 Extra"]
[Source "ChessBase"]
[SourceDate "2018.06.28"]
[SourceVersion "1"]
[SourceVersionDate "2018.06.28"]
[SourceQuality "1"]

1. e4 c5 2. b3 Nc6 3. Bb2 d6 4. Bb5 Bd7 5. f4 a6 6. Bxc6 Bxc6 7. Nc3 Nf6 8. Qe2 e6 9. Nf3 Be7 10. e5 Nd5 11. Nxd5 Bxd5 12. exd6 Bxd6 13. Ne5 Qh4+ 14. g3 Qe7 15. Rf1 0-0 16. Nc4 Bc7 17. Ne3 Qd7 18. 0-0-0 b5 19. f5 f6 20. g4 exf5 21. Nxd5 Qxd5 22. Rxf5 Qc6 23. Qf2 Be5 24. Rf1 Bxb2+ 25. Kxb2 c4 26. g5 Rac8 27. gxf6 cxb3 28. cxb3 Qc2+ 29. Ka1 Rcd8 30. f7+ Kh8 31. Rc5 Qg6 32. d4 Qd3 33. Rcc1 Rxd4 34. Rc8 Rdd8 35. Rxd8 Qxd8 36. Qc5 h6 37. Rf2 Kh7 38. Kb2 Kh8 39. h4 Kh7 40. h5 Kh8 41. Kc2 Kh7 42. Rf3 Kh8 43. Re3 Qc8 44. Qxc8 Rxc8+ 45. Rc3 Rf8 46. Rc7 Kh7 47. Ra7 g6 48. hxg6+ Kxg6 49. Rxa6+ Kg5 50. Ra7 h5 51. Kd2 h4 52. Ke3 Kg4 53. Kf2 h3 54. Re7 Kf4 55. a4 bxa4 56. bxa4 h2 57. Kg2 Rh8 58. Kh1 Rf8 59. a5 Kf5 60. a6 Kf6 61. Rb7 1-0

[Event "Capablanca Memorial op 53rd"]
[Site "Havana"]
[Date "2018.05.15"]
[Round "6"]
[White "Garcia Carey, Osmel"]
[Black "Argote Heredia, Valentina"]
[Result "1/2-1/2"]
[WhiteElo "2353"]
[BlackElo "2047"]
[PlyCount "72"]
[EventDate "2018.05.09"]
[EventType "swiss"]
[EventRounds "10"]
[EventCountry "CUB"]
[SourceTitle "EXT 2021"]
[Source "ChessBase"]
[SourceDate "2020.10.23"]
[SourceVersion "1"]
[SourceVersionDate "2020.10.23"]
[SourceQuality "1"]

1. e4 c5 2. Nf3 d6 3. Bc4 Nf6 4. Qe2 Nc6 5. c3 Bg4 6. h3 Bh5 7. Bb5 Qc7 8. d3 a6 9. Ba4 b5 10. Bc2 e6 11. Nbd2 Be7 12. Nf1 d5 13. Ng3 Bg6 14. 0-0 Bd6 15. exd5 Nxd5 16. Ne4 Be7 17. Be3 Bxe4 18. dxe4 Nf4 19. Bxf4 Qxf4 20. e5 0-0 21. Rfe1 Rac8 22. Qf1 c4 23. Re4 Qh6 24. a4 g6 25. axb5 axb5 26. Ra6 Bc5 27. Rh4 Qg7 28. Qe2 Rfd8 29. Re4 Rd5 30. b3 Qh6 31. bxc4 Qc1+ 32. Qf1 Qxc2 33. cxd5 exd5 34. Re1 b4 35. Rc1 Qb2 36. Nd4 Nxd4 1/2-1/2

[Event "Capablanca Memorial op 53rd"]
[Site "Havana"]
[Date "2018.05.11"]
[Round "3"]
[White "Gonzalez Gomez, Ronier"]
[Black "Garcia Carey, Osmel"]
[Result "0-1"]
[WhiteElo "2204"]
[BlackElo "2353"]
[PlyCount "86"]
[EventDate "2018.05.09"]
[EventType "swiss"]
[EventRounds "10"]
[EventCountry "CUB"]
[SourceTitle "EXT 2019"]
[Source "ChessBase"]
[SourceDate "2018.10.10"]
[SourceVersion "1"]
[SourceVersionDate "2018.10.10"]
[SourceQuality "1"]

1. Nf3 Nf6 2. d4 c5 3. e3 b6 4. c4 e6 5. Nc3 d6 6. d5 e5 7. e4 g6 8. Be2 Bg7 9. Bg5 h6 10. Bh4 0-0 11. Nd2 a6 12. a3 Qe8 13. b4 Nbd7 14. Rb1 cxb4 15. axb4 Qe7 16. 0-0 a5 17. bxa5 bxa5 18. Na4 g5 19. Bg3 Ba6 20. Qc2 Rfc8 21. Rfc1 h5 22. h4 Bh6 23. Rd1 Nh7 24. Nf3 g4 25. Nd2 Nhf8 26. Nb3 Bb5 27. Nbc5 Bxa4 28. Nxa4 Rc7 29. Rb5 Ng6 30. c5 Nxc5 31. Rxc5 Rxc5 32. Nxc5 Rc8 33. Qb2 Rxc5 34. Qb8+ Kg7 35. Rb1 Rc1+ 36. Rxc1 Bxc1 37. Qc8 Bf4 38. Qf5 Qa7 39. Kh1 Bxg3 40. fxg3 Qe3 41. Bb5 Qxg3 42. Be8 Qe1+ 43. Kh2 g3+ 0-1

[Event "Capablanca Memorial op 53rd"]
[Site "Havana"]
[Date "2018.05.10"]
[Round "2"]
[White "Garcia Carey, Osmel"]
[Black "Duong, Thanh Nha"]
[Result "1/2-1/2"]
[WhiteElo "2353"]
[BlackElo "2175"]
[PlyCount "43"]
[EventDate "2018.05.09"]
[EventType "swiss"]
[EventRounds "10"]
[EventCountry "CUB"]
[SourceTitle "EXT 2019"]
[Source "ChessBase"]
[SourceDate "2018.10.10"]
[SourceVersion "1"]
[SourceVersionDate "2018.10.10"]
[SourceQuality "1"]

1. e4 d6 2. d4 Nf6 3. Nc3 e5 4. Nf3 Nbd7 5. Bc4 Be7 6. 0-0 0-0 7. a4 c6 8. Bd2 Qc7 9. Re1 b6 10. h3 Bb7 11. Nh4 Rfe8 12. Nf5 Bf8 13. dxe5 Nxe5 14. Bg5 Nfd7 15. f4 Ng6 16. Qg4 d5 17. Nh4 Nxh4 18. Bxh4 d4 19. Nb1 Be7 20. Nd2 Nf6 21. Bxf6 Bxf6 22. e5 1/2-1/2

[Event "Capablanca Memorial op 53rd"]
[Site "Havana"]
[Date "2018.05.09"]
[Round "1"]
[White "Albornoz Cabrera, Carlos Daniel"]
[Black "Garcia Carey, Osmel"]
[Result "1-0"]
[WhiteElo "2507"]
[BlackElo "2353"]
[PlyCount "117"]
[EventDate "2018.05.09"]
[EventType "swiss"]
[EventRounds "10"]
[EventCountry "CUB"]
[SourceTitle "EXT 2019"]
[Source "ChessBase"]
[SourceDate "2018.10.10"]
[SourceVersion "1"]
[SourceVersionDate "2018.10.10"]
[SourceQuality "1"]

1. Nf3 Nf6 2. c4 e6 3. Nc3 c5 4. g3 Be7 5. Bg2 0-0 6. 0-0 a6 7. e4 d6 8. d4 cxd4 9. Nxd4 Qc7 10. Be3 Nbd7 11. Rc1 Ne5 12. b3 Neg4 13. Bd2 Bd7 14. h3 Ne5 15. Qe2 Rfe8 16. Kh1 Qb6 17. Be3 Qa5 18. g4 h6 19. f4 Ng6 20. Qf2 e5 21. Nde2 exf4 22. Nxf4 Nxf4 23. Bxf4 Bc6 24. Nd5 Bxd5 25. exd5 Rad8 26. Be3 Rd7 27. Bb6 Qb4 28. Rce1 Bf8 29. Rxe8 Nxe8 30. Qf5 Nf6 31. Bd4 Re7 32. Bxf6 gxf6 33. Qxf6 Qd2 34. h4 Qd3 35. g5 hxg5 36. Qxg5+ Qg6 37. Qxg6+ fxg6 38. Bh3 Rc7 39. Be6+ Kg7 40. a4 a5 41. Kg2 b6 42. Kg3 Ra7 43. Kg4 Rc7 44. Rf4 Ra7 45. Kf3 Rb7 46. Ke2 Rc7 47. Rf3 Ra7 48. Kd3 Rc7 49. Rf4 Be7 50. Rf7+ Kh6 51. Bg4 Bd8 52. Rxc7 Bxc7 53. c5 bxc5 54. Kc4 Kg7 55. Kb5 Bd8 56. Kc6 Be7 57. Kd7 Kf8 58. h5 gxh5 59. Bxh5 1-0

[Event "Guillermo Garcia Memorial-C 26th"]
[Site "Santa Clara"]
[Date "2017.05.21"]
[Round "6"]
[White "Borges Feria, Yasel"]
[Black "Garcia Carey, Osmel"]
[Result "1-0"]
[WhiteElo "2418"]
[BlackElo "2363"]
[PlyCount "59"]
[EventDate "2017.05.16"]
[EventType "tourn"]
[EventRounds "9"]
[EventCountry "CUB"]
[EventCategory "3"]
[SourceTitle "CBM 178 Extra"]
[Source "ChessBase"]
[SourceDate "2017.06.22"]
[SourceVersion "1"]
[SourceVersionDate "2017.06.22"]
[SourceQuality "1"]

1. c4 Nf6 2. Nc3 d5 3. cxd5 c6 4. dxc6 Nxc6 5. e3 e5 6. Nge2 Be7 7. Ng3 Bg4 8. Be2 Bxe2 9. Qxe2 0-0 10. 0-0 Nb4 11. Nf5 e4 12. a3 Nd3 13. Nxe4 Nxc1 14. Nxf6+ Bxf6 15. Raxc1 Bxb2 16. Rb1 Bxa3 17. Rxb7 Qd5 18. Rb5 Qe6 19. d4 a5 20. Ra1 Bb4 21. Qa2 Qxa2 22. Rxa2 Rfb8 23. Rxb8+ Rxb8 24. Kf1 Rc8 25. Ke2 g6 26. Nh4 Ra8 27. Nf3 a4 28. Ne5 a3 29. Kd3 Bf8 30. d5 1-0

[Event "Guillermo Garcia Memorial-C 26th"]
[Site "Santa Clara"]
[Date "2017.05.17"]
[Round "2"]
[White "Quesada Vera, Liordis"]
[Black "Garcia Carey, Osmel"]
[Result "1/2-1/2"]
[WhiteElo "2423"]
[BlackElo "2363"]
[PlyCount "38"]
[EventDate "2017.05.16"]
[EventType "tourn"]
[EventRounds "9"]
[EventCountry "CUB"]
[EventCategory "3"]
[SourceTitle "CBM 178 Extra"]
[Source "ChessBase"]
[SourceDate "2017.06.22"]
[SourceVersion "1"]
[SourceVersionDate "2017.06.22"]
[SourceQuality "1"]

1. Nf3 Nf6 2. c4 d6 3. d4 g6 4. b3 Bg7 5. Bb2 0-0 6. g3 c6 7. Bg2 a6 8. 0-0 b5 9. Na3 Bb7 10. Ne1 Ra7 11. Nd3 Nfd7 12. Qd2 Ba8 13. Rfd1 Qb6 14. Qe3 Nf6 15. h3 Re8 16. Rac1 Nbd7 17. c5 Qb8 18. Qd2 d5 19. Rc2 a5 1/2-1/2

[Event "Moncada op 6th"]
[Site "Santiago de Cuba"]
[Date "2009.05.24"]
[Round "8"]
[White "Morales Romero, Pedro"]
[Black "Garcia Carey, Osmel"]
[Result "1/2-1/2"]
[WhiteElo "2376"]
[BlackElo "2349"]
[PlyCount "91"]
[EventDate "2009.05.16"]
[EventType "swiss"]
[EventRounds "9"]
[EventCountry "CUB"]
[SourceTitle "CBM 130 Extra"]
[Source "ChessBase"]
[SourceDate "2009.07.02"]
[SourceVersion "2"]
[SourceVersionDate "2009.07.15"]
[SourceQuality "1"]

1. e4 c5 2. Nf3 a6 3. c3 e6 4. d4 d5 5. exd5 exd5 6. dxc5 Bxc5 7. Bd3 Ne7 8. Qc2 Nbc6 9. 0-0 h6 10. Bf4 0-0 11. Nbd2 Bd6 12. Bxd6 Qxd6 13. Rfe1 Bg4 14. a4 Rac8 15. Qb3 Rc7 16. a5 Bf5 17. Bxf5 Nxf5 18. Qb6 Qd8 19. Rad1 Rd7 20. Nb3 Qxb6 21. axb6 Rd6 22. Nc5 Rb8 23. Kf1 h5 24. g3 Nce7 25. h3 Rc8 26. b4 Ng6 27. Na4 f6 28. Nc5 Nfe7 29. Nh4 Rxb6 30. Nxg6 Nxg6 31. Rxd5 Rb5 32. Rd7 Ne5 33. Rdd1 Ng6 34. Ne6 Re5 35. Nc5 b6 36. Nxa6 Rxc3 37. Rd6 Rb5 38. Rd8+ Kh7 39. Rd7 Ne5 40. Rb7 Rd5 41. Rxb6 Rd2 42. Nc5 Ra2 43. Ra6 Rac2 44. Ne4 Rb3 45. Ng5+ fxg5 46. Rxe5 1/2-1/2

[Event "Moncada op 6th"]
[Site "Santiago de Cuba"]
[Date "2009.05.18"]
[Round "3"]
[White "Borges Feria, Yasel"]
[Black "Garcia Carey, Osmel"]
[Result "1/2-1/2"]
[WhiteElo "2403"]
[BlackElo "2349"]
[PlyCount "38"]
[EventDate "2009.05.16"]
[EventType "swiss"]
[EventRounds "9"]
[EventCountry "CUB"]
[SourceTitle "CBM 130 Extra"]
[Source "ChessBase"]
[SourceDate "2009.07.02"]
[SourceVersion "2"]
[SourceVersionDate "2009.07.15"]
[SourceQuality "1"]

1. c4 g6 2. Nc3 Bg7 3. d4 c5 4. d5 d6 5. e4 Nf6 6. Bd3 0-0 7. Nge2 e6 8. 0-0 exd5 9. exd5 Na6 10. Bg5 h6 11. Bf4 Nc7 12. a4 a6 13. a5 Rb8 14. Na4 Ng4 15. Nec3 Ne5 16. Re1 Re8 17. Nb6 Na8 18. Nxc8 Qxc8 19. Bf1 b6 1/2-1/2

[Event "Capablanca Memorial op 43rd"]
[Site "Havana"]
[Date "2008.05.13"]
[Round "6"]
[White "Guerra Tulcan, Lenin"]
[Black "Garcia Carey, Osmel"]
[Result "1-0"]
[WhiteElo "2274"]
[BlackElo "2376"]
[PlyCount "67"]
[EventDate "2008.05.08"]
[EventType "swiss"]
[EventRounds "10"]
[EventCountry "CUB"]
[SourceTitle "CBM 124 Extra"]
[Source "ChessBase"]
[SourceDate "2008.07.03"]
[SourceVersion "1"]
[SourceVersionDate "2008.07.03"]
[SourceQuality "1"]

1. e4 c5 2. Nf3 e6 3. d4 cxd4 4. Nxd4 a6 5. Bd3 Qc7 6. 0-0 Nf6 7. Qe2 d6 8. c4 Be7 9. Nc3 Nbd7 10. Kh1 0-0 11. f4 Re8 12. Nf3 g6 13. e5 Nh5 14. b3 f5 15. exf6 Ndxf6 16. Ng5 Bf8 17. Bb2 Bh6 18. Rae1 Bd7 19. Nce4 Nxe4 20. Bxe4 Bc6 21. Qg4 Bxe4 22. Rxe4 Bg7 23. Bxg7 Qxg7 24. Rxe6 Rf8 25. Rxd6 Rf5 26. Qd1 Nxf4 27. Rd7 Qe5 28. Re1 Qb2 29. Rd2 Qf6 30. Ne4 Qf8 31. Nd6 Rh5 32. Rf1 Qh6 33. g3 Rd8 34. Nf5 1-0